[Event "Mecklenburg VP LL2 Ost 1314"]
[Site "Mecklenburg VP"]
[Date "2014.04.06"]
[Round "8.1"]
[White "Patzenhauer, Max"]
[Black "Scheel, Henrik"]
[Result "1-0"]
[WhiteElo "1858"]
[BlackElo "1901"]
[PlyCount "147"]
[EventDate "2013.10.27"]
[EventType "team-tourn"]
[EventRounds "9"]
[EventCountry "GER"]
[SourceTitle "EXT 2022"]
[Source "ChessBase"]
[SourceDate "2021.10.06"]
[SourceVersion "1"]
[SourceVersionDate "2021.10.06"]
[SourceQuality "1"]
[WhiteTeam "Wolgast Motor"]
[BlackTeam "Bergen Rugia"]
[WhiteTeamCountry "GER"]
[BlackTeamCountry "GER"]

1. d4 d5 2. Nf3 Nf6 3. Bf4 e6 4. e3 a6 5. Bd3 Nbd7 6. Nbd2 c6 7. 0-0 Be7 8. c3 Nh5 9. Be5 f5 10. h3 Nxe5 11. Nxe5 Nf6 12. f4 Bd6 13. Ndf3 Bxe5 14. Nxe5 g6 15. Qe1 Nd7 16. Nf3 Qe7 17. Rc1 Nf6 18. Qh4 Ng8 19. Qxe7+ Kxe7 20. g4 Nf6 21. Ne5 Bd7 22. c4 Rac8 23. c5 Ra8 24. Kg2 Rhf8 25. Rc3 Rfc8 26. g5 Ne8 27. h4 Ng7 28. Be2 Be8 29. Rb3 Rc7 30. Rc1 Kd8 31. Rb6 Ke7 32. Rc3 Kd8 33. Kf2 Ke7 34. Rcb3 Ra7 35. Nf3 Kd8 36. Rc3 Ke7 37. Nd2 Kd8 38. Nf1 Nh5 39. Ng3 Ke7 40. Rc1 Ra8 41. Rb3 Ra7 42. Rbc3 Ra8 43. b4 Ra7 44. Rb1 Rc8 45. Rcb3 Kd8 46. a4 Rc7 47. R1b2 Kc8 48. b5 axb5 49. axb5 cxb5 50. Nxh5 gxh5 51. Bxb5 Bxb5 52. Rxb5 Ra6 53. Ke2 Kb8 54. Kd3 Kc8 55. Kc3 Kb8 56. Rb6 Rxb6 57. Rxb6 Rc6 58. Rb2 Ra6 59. Kc2 Kc7 60. Rb1 Ra8 61. Rb6 Re8 62. Kb3 Re7 63. Kb4 Kc8 64. c6 bxc6 65. Rxc6+ Kb7 66. Kb5 Re8 67. Kc5 Re7 68. Kd6 Rg7 69. Rc3 Rg6 70. Rc7+ Kb6 71. Rxh7 Kb5 72. Rxh5 Kc4 73. Rh6 Rg8 74. Rxe6 1-0

[Event "Mecklenburg VP LL2 Ost 1314"]
[Site "Mecklenburg VP"]
[Date "2013.12.15"]
[Round "4.1"]
[White "Pruesse, Horst"]
[Black "Scheel, Henrik"]
[Result "1/2-1/2"]
[WhiteElo "1947"]
[BlackElo "1901"]
[PlyCount "50"]
[EventDate "2013.10.27"]
[EventType "team-tourn"]
[EventRounds "9"]
[EventCountry "GER"]
[SourceTitle "EXT 2022"]
[Source "ChessBase"]
[SourceDate "2021.10.06"]
[SourceVersion "1"]
[SourceVersionDate "2021.10.06"]
[SourceQuality "1"]
[WhiteTeam "Neubrandenburg SG Eintracht"]
[BlackTeam "Bergen Rugia"]
[WhiteTeamCountry "GER"]
[BlackTeamCountry "GER"]

1. e4 e5 2. Nf3 Nc6 3. Bb5 a6 4. Ba4 Nf6 5. 0-0 Be7 6. Re1 b5 7. Bb3 d6 8. h3 Nd4 9. Nxd4 exd4 10. d3 0-0 11. c3 c5 12. a4 Bb7 13. axb5 axb5 14. Rxa8 Qxa8 15. cxd4 cxd4 16. Na3 d5 17. e5 Bxa3 18. exf6 Bb4 19. fxg7 Re8 20. Bd2 Rxe1+ 21. Qxe1 Bxd2 22. Qxd2 Qa1+ 23. Kh2 Qb1 24. Qb4 Kxg7 25. Qxb5 Qc1 1/2-1/2

[Event "Mecklenburg VP LL2 Ost 1314"]
[Site "Mecklenburg VP"]
[Date "2013.10.27"]
[Round "1.1"]
[White "Alder, Bodo"]
[Black "Scheel, Henrik"]
[Result "1/2-1/2"]
[WhiteElo "1915"]
[BlackElo "1901"]
[PlyCount "43"]
[EventDate "2013.10.27"]
[EventType "team-tourn"]
[EventRounds "9"]
[EventCountry "GER"]
[SourceTitle "EXT 2022"]
[Source "ChessBase"]
[SourceDate "2021.10.06"]
[SourceVersion "1"]
[SourceVersionDate "2021.10.06"]
[SourceQuality "1"]
[WhiteTeam "Binz Therme Ruegen"]
[BlackTeam "Bergen Rugia"]
[WhiteTeamCountry "GER"]
[BlackTeamCountry "GER"]

1. e4 e5 2. Nc3 Nc6 3. g3 Nf6 4. Bg2 d6 5. Nf3 Bg4 6. h3 Bh5 7. g4 Bg6 8. d3 Be7 9. Be3 d5 10. exd5 Nxd5 11. Nxd5 Qxd5 12. 0-0 Qd6 13. Nd2 0-0 14. Ne4 Qe6 15. Nc5 Bxc5 16. Bxc5 Rfe8 17. Re1 h5 18. Be3 Qd6 19. Qd2 Rad8 20. Qc3 Nd4 21. Bxd4 Qxd4 22. Be4 1/2-1/2

[Event "GER-ch U16"]
[Site "Oberhof"]
[Date "2013.05.23"]
[Round "7"]
[White "Schroeder, Jan Christian"]
[Black "Scheel, Henrik"]
[Result "1-0"]
[WhiteElo "2322"]
[BlackElo "1746"]
[PlyCount "47"]
[EventDate "2013.05.19"]
[EventType "swiss"]
[EventRounds "9"]
[EventCountry "GER"]
[SourceTitle "CBM 154 Extra"]
[Source "ChessBase"]
[SourceDate "2013.06.25"]
[SourceVersion "2"]
[SourceVersionDate "2013.06.25"]
[SourceQuality "1"]

1. e4 e5 2. Nf3 Nc6 3. Bb5 a6 4. Ba4 Bc5 5. 0-0 b5 6. Bb3 Nf6 7. c3 0-0 8. d4 Be7 9. dxe5 Nxe4 10. Bd5 Nc5 11. Be3 Bb7 12. Qc2 Ne6 13. Qe4 Nc5 14. Bxc5 Bxc5 15. Nbd2 Rb8 16. Rfe1 Qe7 17. Rad1 Nd8 18. Bxb7 Rxb7 19. Qg4 Ne6 20. Ne4 Kh8 21. Nh4 g6 22. Nf6 d6 23. Nf5 h5 24. Qf3 1-0

[Event "GER-ch U16"]
[Site "Oberhof"]
[Date "2013.05.22"]
[Round "6"]
[White "Scheel, Henrik"]
[Black "Knopf, Felix"]
[Result "1-0"]
[WhiteElo "1746"]
[BlackElo "1852"]
[PlyCount "63"]
[EventDate "2013.05.19"]
[EventType "swiss"]
[EventRounds "9"]
[EventCountry "GER"]
[SourceTitle "CBM 154 Extra"]
[Source "ChessBase"]
[SourceDate "2013.06.25"]
[SourceVersion "2"]
[SourceVersionDate "2013.06.25"]
[SourceQuality "1"]

1. d4 d5 2. c4 c6 3. Nc3 e6 4. Nf3 Nf6 5. Bg5 dxc4 6. e4 b5 7. e5 h6 8. Bh4 g5 9. Nxg5 hxg5 10. Bxg5 Nbd7 11. exf6 Bb7 12. Be2 Qb6 13. 0-0 0-0-0 14. Bf3 Bd6 15. g3 Rdg8 16. Ne4 Bc7 17. Be3 Kb8 18. a4 b4 19. d5 c5 20. a5 Qa6 21. d6 Bd8 22. Nxc5 Nxc5 23. Bxc5 Qb5 24. a6 Bc6 25. Bxb4 Bb6 26. d7 Rd8 27. Qd6+ Bc7 28. Qxc6 Qxc6 29. Bxc6 Rh6 30. Be7 Rdh8 31. Ra4 Bd8 32. Bd6+ 1-0

[Event "Mecklenburg VP LL2 Ost 1112"]
[Site "Mecklenburg VP"]
[Date "2012.03.18"]
[Round "8"]
[White "Schmekel, Florian"]
[Black "Scheel, Henrik"]
[Result "1/2-1/2"]
[WhiteElo "1646"]
[BlackElo "1800"]
[PlyCount "128"]
[EventDate "2011.10.02"]
[EventType "team-tourn"]
[EventRounds "9"]
[EventCountry "GER"]
[SourceTitle "EXT 2022"]
[Source "ChessBase"]
[SourceDate "2021.10.06"]
[SourceVersion "1"]
[SourceVersionDate "2021.10.06"]
[SourceQuality "1"]
[WhiteTeam "Torgelow Droegeheide II"]
[BlackTeam "Bergen Rugia"]
[WhiteTeamCountry "GER"]
[BlackTeamCountry "GER"]

1. d4 d5 2. c4 e6 3. Nc3 Nf6 4. Bg5 Be7 5. Nf3 b6 6. cxd5 exd5 7. e3 Bb7 8. Bxf6 Bxf6 9. Bd3 0-0 10. 0-0 Nc6 11. a3 Ne7 12. Rc1 a6 13. Na4 Rc8 14. b4 Qd6 15. Qb3 g6 16. Nb2 Nc6 17. Qc3 Nb8 18. Qb3 Nd7 19. Na4 c6 20. Rc2 Rc7 21. Rfc1 Rfc8 22. Rc3 Qe7 23. h3 Bg7 24. Nd2 Qd6 25. Be2 b5 26. Nc5 Nxc5 27. Rxc5 Re8 28. Bf3 Rce7 29. Rf1 Kf8 30. Qd3 Bh6 31. Rc3 Qf6 32. Nb3 Qd6 33. Bg4 f5 34. Bf3 f4 35. exf4 Bxf4 36. Bg4 Re1 37. Rc2 Qe7 38. g3 Bd6 39. Rc1 Rxf1+ 40. Rxf1 Bc8 41. Bxc8 Rxc8 42. Qd2 Qd7 43. Kg2 Qf5 44. Re1 Kg7 45. Qe2 Rf8 46. Na5 Qf6 47. Nxc6 Bxg3 48. Qe7+ Rf7 49. Qxf6+ Rxf6 50. Ne5 Bxf2 51. Rd1 Rf8 52. Nd7 Rf4 53. Nc5 Rf6 54. Rd3 Bh4 55. Rf3 Bg5 56. Rxf6 Kxf6 57. Nxa6 Bc1 58. Nc7 Bxa3 59. Nxd5+ Ke6 60. Nc7+ Kd7 61. Nxb5 Bxb4 62. d5 h5 63. Kf3 Bd6 64. Nd4 g5 1/2-1/2

[Event "Mecklenburg VP-ch U14"]
[Site "Malchow"]
[Date "2011.02.14"]
[Round "4.1"]
[White "Siegert, Gregor"]
[Black "Scheel, Henrik"]
[Result "0-1"]
[WhiteElo "1618"]
[BlackElo "1746"]
[PlyCount "94"]
[EventDate "2011.02.14"]
[EventType "swiss"]
[EventRounds "7"]
[EventCountry "GER"]
[SourceTitle "EXT 2022"]
[Source "ChessBase"]
[SourceDate "2021.10.06"]
[SourceVersion "1"]
[SourceVersionDate "2021.10.06"]
[SourceQuality "1"]

1. Nf3 d5 2. d4 Nf6 3. c4 e6 4. Nc3 b6 5. Bf4 Bd6 6. Bxd6 cxd6 7. cxd5 exd5 8. e3 0-0 9. Bd3 Bb7 10. 0-0 Ne4 11. Qc2 f5 12. Qb3 Nxc3 13. Qxc3 Nc6 14. Rac1 Rc8 15. Qd2 Qf6 16. Bb5 Nb8 17. Rxc8 Rxc8 18. Rc1 Qd8 19. Bd3 Rxc1+ 20. Qxc1 Qc8 21. Qxc8+ Bxc8 22. Nd2 g6 23. f3 Be6 24. b4 Kf7 25. Bc2 Nd7 26. Nb1 Nf6 27. Nc3 Bd7 28. Bb3 Bc6 29. e4 f4 30. Nxd5 Nxd5 31. exd5 Bb7 32. Bc4 a6 33. Kf2 Kf6 34. a4 g5 35. g3 h6 36. Ke2 Bc8 37. Kd3 fxg3 38. hxg3 h5 39. Ke3 h4 40. gxh4 gxh4 41. Kf4 a5 42. b5 Bf5 43. Bf1 Bc2 44. Kg4 Bxa4 45. Bc4 Bc2 46. Kxh4 a4 47. Kg3 Bb3 0-1

[Event "Mecklenburg VP-ch U14"]
[Site "Malchow"]
[Date "2010.02.??"]
[Round "1.4"]
[White "Salazar Gesell, Gianmarco"]
[Black "Scheel, Henrik"]
[Result "0-1"]
[WhiteElo "1175"]
[BlackElo "1746"]
[PlyCount "46"]
[EventDate "2010.02.10"]
[EventType "swiss"]
[EventRounds "7"]
[EventCountry "GER"]
[SourceTitle "EXT 2022"]
[Source "ChessBase"]
[SourceDate "2021.10.06"]
[SourceVersion "1"]
[SourceVersionDate "2021.10.06"]
[SourceQuality "1"]

1. e4 e5 2. Nf3 Nc6 3. Nc3 d6 4. Bb5 Bd7 5. d3 Nf6 6. Bg5 Be7 7. Be3 0-0 8. Qe2 a5 9. h3 Nd4 10. Nxd4 exd4 11. Bxd4 c6 12. Ba4 b5 13. Bb3 a4 14. Nxa4 bxa4 15. Bc4 d5 16. exd5 cxd5 17. Bxd5 Nxd5 18. 0-0-0 Be6 19. a3 Rb8 20. g4 Bf6 21. Ba7 Rb7 22. Bc5 Bxb2+ 23. Kd2 Qa5+ 0-1

[Event "Mecklenburg VP-ch U14"]
[Site "Malchow"]
[Date "2010.02.??"]
[Round "3.1"]
[White "Valet, Alexander"]
[Black "Scheel, Henrik"]
[Result "1-0"]
[WhiteElo "1879"]
[BlackElo "1746"]
[PlyCount "127"]
[EventDate "2010.02.10"]
[EventType "swiss"]
[EventRounds "7"]
[EventCountry "GER"]
[SourceTitle "EXT 2022"]
[Source "ChessBase"]
[SourceDate "2021.10.06"]
[SourceVersion "1"]
[SourceVersionDate "2021.10.06"]
[SourceQuality "1"]

1. e4 e5 2. Nf3 Nc6 3. d4 exd4 4. Nxd4 Bc5 5. Be3 Qf6 6. c3 Nge7 7. Bc4 Nxd4 8. Bxd4 Bxd4 9. Qxd4 Qxd4 10. cxd4 Nc6 11. d5 Ne5 12. Be2 0-0 13. 0-0 c6 14. Nc3 b6 15. Rad1 Bb7 16. f4 Ng6 17. dxc6 dxc6 18. Rd7 Rab8 19. Bc4 b5 20. Bb3 a5 21. a3 Ba6 22. Rf2 b4 23. axb4 axb4 24. Na4 Bb5 25. Nc5 Ra8 26. g3 Ra1+ 27. Kg2 Rc1 28. Nb7 Bc4 29. Rc2 Rxc2+ 30. Bxc2 Ra8 31. Nd6 b3 32. Bd1 Be6 33. Rc7 Rd8 34. Rxc6 f5 35. Bf3 Ne7 36. Rb6 fxe4 37. Nxe4 Bd5 38. Nc5 Nf5 39. Bxd5+ Rxd5 40. Nxb3 Ne3+ 41. Kf3 Nc4 42. Rb8+ Kf7 43. Nc1 Rd2 44. Ne2 Rd3+ 45. Kf2 Rd6 46. b4 Rb6 47. Rxb6 Nxb6 48. Kf3 Ke6 49. Ke4 g6 50. g4 Nd7 51. f5+ Kf6 52. Kf4 Nb6 53. Nc3 h6 54. h4 Kf7 55. b5 Kg7 56. Ke5 gxf5 57. gxf5 Kf7 58. Nd5 Nc4+ 59. Kd4 Nd6 60. b6 Nb7 61. Ke5 Nc5 62. Kd6 Nb7+ 63. Kc7 Nc5 64. b7 1-0

[Event "GER-chT DLM U20"]
[Site "Wismar"]
[Date "2009.09.30"]
[Round "1"]
[White "Breitwieser, Jasmin"]
[Black "Scheel, Henrik"]
[Result "0-1"]
[WhiteElo "1866"]
[BlackElo "1632"]
[PlyCount "90"]
[EventDate "2009.09.30"]
[EventType "team-swiss"]
[EventRounds "7"]
[EventCountry "GER"]
[SourceTitle "CBM 132 Extra"]
[Source "ChessBase"]
[SourceDate "2009.11.03"]
[SourceVersion "1"]
[SourceVersionDate "2009.11.03"]
[SourceQuality "1"]
[WhiteTeam "Hessen U20"]
[BlackTeam "Mecklenburg-Vorpommern U20"]
[WhiteTeamCountry "GER"]
[BlackTeamCountry "GER"]

1. e4 e5 2. Nf3 Nc6 3. Bc4 Be7 4. Nc3 d6 5. h3 Na5 6. Be2 Nc6 7. d4 Nxd4 8. Nxd4 exd4 9. Qxd4 Bf6 10. Qd3 Ne7 11. Be3 Nc6 12. 0-0-0 Be6 13. Nd5 a6 14. f4 Bxd5 15. exd5 Ne7 16. g4 g6 17. Bd4 Bxd4 18. Qxd4 Rg8 19. Rhe1 Qd7 20. Bf3 Kf8 21. Rd3 Rg7 22. Rde3 Ng8 23. g5 Qxh3 24. Qa7 Rd8 25. Qxb7 Qc8 26. Qc6 f5 27. gxf6 Nxf6 28. Re6 Rf7 29. Qc3 Ng8 30. Bg4 Qb7 31. Qe3 Qb5 32. b3 a5 33. Qe4 Qb4 34. Re8+ Rxe8 35. Qxe8+ Kg7 36. Re4 Qa3+ 37. Kb1 Nf6 38. Ra4 Qc5 39. Qe2 Qg1+ 40. Kb2 Qxg4 41. Qxg4 Nxg4 42. Rxa5 h5 43. Ra4 h4 44. f5 gxf5 45. Rf4 h3 0-1

[Event "GER-ch U12"]
[Site "Willingen"]
[Date "2009.06.06"]
[Round "11"]
[White "Hansch, Karsten"]
[Black "Scheel, Henrik"]
[Result "1/2-1/2"]
[WhiteElo "1839"]
[BlackElo "1626"]
[PlyCount "44"]
[EventDate "2009.05.30"]
[EventType "swiss"]
[EventRounds "11"]
[EventCountry "GER"]
[SourceTitle "EXT 2010"]
[Source "ChessBase"]
[SourceDate "2010.11.25"]
[SourceVersion "1"]
[SourceVersionDate "2010.11.25"]
[SourceQuality "1"]

1. d4 d5 2. Nf3 e6 3. e3 Nf6 4. Bd3 c5 5. b3 Nc6 6. a3 Bd6 7. Bb2 cxd4 8. exd4 0-0 9. 0-0 Qc7 10. Qe2 Re8 11. Ne5 Ne7 12. f4 g6 13. Nd2 Kg7 14. c4 Qd8 15. c5 Bc7 16. Ndf3 Rf8 17. Ng5 Nfg8 18. Ng4 Nf5 19. g3 h6 20. Nf3 h5 21. Ne3 Ngh6 22. Nxf5+ exf5 1/2-1/2

[Event "GER-ch U12"]
[Site "Willingen"]
[Date "2009.06.01"]
[Round "4"]
[White "Scheel, Henrik"]
[Black "Stolberg, Daniel"]
[Result "1-0"]
[WhiteElo "1626"]
[BlackElo "1412"]
[PlyCount "115"]
[EventDate "2009.05.30"]
[EventType "swiss"]
[EventRounds "11"]
[EventCountry "GER"]
[SourceTitle "EXT 2010"]
[Source "ChessBase"]
[SourceDate "2010.11.25"]
[SourceVersion "1"]
[SourceVersionDate "2010.11.25"]
[SourceQuality "1"]

1. e4 c6 2. Nf3 g6 3. d4 Bg7 4. c3 d5 5. exd5 cxd5 6. Be2 Bg4 7. Bf4 Nc6 8. Nbd2 e6 9. h3 Bxf3 10. Nxf3 Nge7 11. 0-0 0-0 12. Qd2 Nf5 13. Nh2 Nce7 14. Ng4 h5 15. Ne5 Nc6 16. Nxc6 bxc6 17. Bd3 Nd6 18. Qe2 Qe7 19. Rfe1 Nb7 20. Bc2 c5 21. dxc5 Nxc5 22. Qf3 Qb7 23. Rab1 Qa6 24. a3 Rac8 25. Qg3 Qb7 26. Qe3 Qb6 27. Bh6 Nd7 28. Bxg7 Qxe3 29. Rxe3 Kxg7 30. f4 Nb6 31. Bd3 Nc4 32. Bxc4 Rxc4 33. g3 Rb8 34. Kf2 Ra4 35. Ree1 d4 36. cxd4 Rxd4 37. Ke3 Rbd8 38. Kf3 Rd3+ 39. Re3 Rd2 40. b4 R2d3 41. Rc1 R3d5 42. Rc7 R8d7 43. Rxd7 Rxd7 44. Rc3 Rd5 45. Ke3 g5 46. Rc7 gxf4+ 47. gxf4 e5 48. Rxa7 exf4+ 49. Kxf4 Rd3 50. h4 Kg6 51. b5 Rh3 52. b6 Rxh4+ 53. Kg3 Rg4+ 54. Kf3 Rg5 55. Ra4 Rf5+ 56. Kg2 Rg5+ 57. Kh2 Kf6 58. b7 1-0

[Event "Mecklenburg VP-ch U12"]
[Site "Malchow"]
[Date "2009.02.09"]
[Round "4.1"]
[White "Bardosch, Karl"]
[Black "Scheel, Henrik"]
[Result "1/2-1/2"]
[WhiteElo "1163"]
[BlackElo "1620"]
[PlyCount "51"]
[EventDate "2009.02.07"]
[EventType "swiss"]
[EventRounds "7"]
[EventCountry "GER"]
[SourceTitle "EXT 2022"]
[Source "ChessBase"]
[SourceDate "2021.10.06"]
[SourceVersion "1"]
[SourceVersionDate "2021.10.06"]
[SourceQuality "1"]

1. e4 e5 2. Nc3 Nc6 3. Bc4 Nf6 4. Nf3 Be7 5. 0-0 0-0 6. d3 d6 7. h3 Na5 8. Bb3 Nxb3 9. axb3 c6 10. d4 exd4 11. Nxd4 h6 12. Be3 a6 13. Qd2 Nh7 14. f4 f5 15. exf5 Bxf5 16. Nxf5 Rxf5 17. g4 Rf8 18. Ne2 d5 19. Nd4 Qd7 20. Qd3 h5 21. Qg6 Rf6 22. Qxh5 Bc5 23. Qh4 Rh6 24. Qg3 Re8 25. Rae1 Nf6 26. Kg2 1/2-1/2

[Event "Mecklenburg VP-ch U12"]
[Site "Malchow"]
[Date "2009.02.07"]
[Round "3.1"]
[White "Scheel, Henrik"]
[Black "Mielke, Paul"]
[Result "1-0"]
[WhiteElo "1620"]
[BlackElo "1060"]
[PlyCount "55"]
[EventDate "2009.02.07"]
[EventType "swiss"]
[EventRounds "7"]
[EventCountry "GER"]
[SourceTitle "EXT 2022"]
[Source "ChessBase"]
[SourceDate "2021.10.06"]
[SourceVersion "1"]
[SourceVersionDate "2021.10.06"]
[SourceQuality "1"]

1. e4 e5 2. Nf3 Nc6 3. Bc4 Nd4 4. Nxd4 exd4 5. 0-0 Bd6 6. d3 Be5 7. f4 Bf6 8. e5 Be7 9. c3 Bc5 10. Kh1 Qh4 11. Nd2 dxc3 12. bxc3 Nh6 13. Nf3 Qh5 14. Ng5 0-0 15. Qxh5 d6 16. e6 Bxe6 17. Bxe6 fxe6 18. Nxe6 Rf5 19. Qf3 c6 20. Nxc5 Rxc5 21. c4 Nf5 22. Bb2 Nh4 23. Qg4 Nf5 24. Rae1 Rf8 25. Re7 Rf7 26. Rxf7 Kxf7 27. Qh5+ Kg8 28. Qe8# 1-0

[Event "Mecklenburg VP-ch U12"]
[Site "Malchow"]
[Date "2009.02.07"]
[Round "2.1"]
[White "Zwerg, Kevin"]
[Black "Scheel, Henrik"]
[Result "0-1"]
[WhiteElo "1095"]
[BlackElo "1620"]
[PlyCount "20"]
[EventDate "2009.02.07"]
[EventType "swiss"]
[EventRounds "7"]
[EventCountry "GER"]
[SourceTitle "EXT 2022"]
[Source "ChessBase"]
[SourceDate "2021.10.06"]
[SourceVersion "1"]
[SourceVersionDate "2021.10.06"]
[SourceQuality "1"]

1. d4 d5 2. Nc3 e6 3. e3 Nf6 4. Nf3 Bd6 5. Bd3 Bd7 6. Bd2 Nc6 7. 0-0 e5 8. dxe5 Nxe5 9. Nxe5 Bxe5 10. Qf3 Bg4 0-1

[Event "GER-ch U12"]
[Site "Willingen"]
[Date "2008.05.17"]
[Round "11"]
[White "Scheel, Henrik"]
[Black "Vonhoff, Nils"]
[Result "1-0"]
[WhiteElo "1481"]
[BlackElo "1282"]
[PlyCount "37"]
[EventDate "2008.05.11"]
[EventType "swiss"]
[EventRounds "11"]
[EventCountry "GER"]
[SourceTitle "CBM 124 Extra"]
[Source "ChessBase"]
[SourceDate "2008.07.03"]
[SourceVersion "1"]
[SourceVersionDate "2008.07.03"]
[SourceQuality "1"]

1. e4 c5 2. Nf3 Nc6 3. d4 cxd4 4. Nxd4 Nf6 5. Nc3 e6 6. Nxc6 bxc6 7. Bd3 d5 8. exd5 cxd5 9. 0-0 Bd6 10. Re1 0-0 11. Bg5 a6 12. Qf3 Be7 13. Rab1 Qc7 14. Qg3 Bd6 15. Qh4 Ne4 16. Nxe4 dxe4 17. Bxe4 f5 18. Bxa8 Qxc2 19. Be7 1-0

[Event "GER-ch U12"]
[Site "Willingen"]
[Date "2008.05.13"]
[Round "5"]
[White "Galkin, Wladislaw"]
[Black "Scheel, Henrik"]
[Result "1-0"]
[WhiteElo "1969"]
[BlackElo "1481"]
[PlyCount "55"]
[EventDate "2008.05.11"]
[EventType "swiss"]
[EventRounds "11"]
[EventCountry "GER"]
[SourceTitle "CBM 124 Extra"]
[Source "ChessBase"]
[SourceDate "2008.07.03"]
[SourceVersion "1"]
[SourceVersionDate "2008.07.03"]
[SourceQuality "1"]

1. d4 d5 2. c4 dxc4 3. Nf3 Nf6 4. e3 e6 5. Bxc4 Be7 6. Nc3 0-0 7. 0-0 c6 8. a4 Qc7 9. Qc2 Nbd7 10. Ba2 e5 11. Bb1 h6 12. Rd1 Bd6 13. h3 Re8 14. b3 exd4 15. Nxd4 Be5 16. Bb2 Bxd4 17. Rxd4 b6 18. Rf4 Bb7 19. Nd5 Qd6 20. Bxf6 Nxf6 21. Nxf6+ gxf6 22. Qh7+ Kf8 23. Qxh6+ Ke7 24. Re4+ Kd8 25. Rd4 Qxd4 26. exd4 Kc7 27. Qf4+ Kd7 28. Bf5+ 1-0

[Event "GER-ch U12"]
[Site "Willingen"]
[Date "2008.05.11"]
[Round "1"]
[White "Bohm, Stephanie"]
[Black "Scheel, Henrik"]
[Result "0-1"]
[WhiteElo "888"]
[BlackElo "1481"]
[PlyCount "52"]
[EventDate "2008.05.11"]
[EventType "swiss"]
[EventRounds "11"]
[EventCountry "GER"]
[SourceTitle "CBM 124 Extra"]
[Source "ChessBase"]
[SourceDate "2008.07.03"]
[SourceVersion "1"]
[SourceVersionDate "2008.07.03"]
[SourceQuality "1"]

1. c4 e5 2. Nc3 Nf6 3. g3 Be7 4. Bg2 Nc6 5. d3 d6 6. Nf3 h6 7. 0-0 Be6 8. b3 Qd7 9. Re1 Bh3 10. Bh1 g5 11. Nd2 h5 12. Nce4 Nxe4 13. Nxe4 Rg8 14. e3 h4 15. Re2 hxg3 16. hxg3 0-0-0 17. f3 Rh8 18. g4 f5 19. gxf5 Qxf5 20. Ng3 Qg6 21. Bb2 Rdf8 22. Qe1 Rh4 23. Nf1 g4 24. fxg4 Rxg4+ 25. Kh2 Bxf1 26. Rf2 Rh4# 0-1

[Event "GER-ch U10"]
[Site "Willingen"]
[Date "2007.06.01"]
[Round "9"]
[White "Scheel, Henrik"]
[Black "Lieber, Carl"]
[Result "1-0"]
[WhiteElo "1478"]
[BlackElo "1290"]
[PlyCount "129"]
[EventDate "2007.05.26"]
[EventType "swiss"]
[EventRounds "11"]
[EventCountry "GER"]
[SourceTitle "CBM 118 Extra"]
[Source "ChessBase"]
[SourceDate "2007.07.04"]
[SourceVersion "1"]
[SourceVersionDate "2007.07.04"]
[SourceQuality "1"]

1. e4 e5 2. Nf3 Nc6 3. Bc4 Bc5 4. 0-0 d6 5. h3 Nf6 6. d3 h6 7. Nc3 Be6 8. Bb3 Qe7 9. Nd5 Qd7 10. Nh2 Bxd5 11. exd5 Ne7 12. c4 0-0 13. Be3 Bb6 14. Bc2 Bd4 15. Bxd4 exd4 16. Nf3 c5 17. dxc6 Nxc6 18. Ba4 Qc7 19. Bxc6 bxc6 20. Nxd4 Qb6 21. Nb3 Rfe8 22. Re1 Rxe1+ 23. Qxe1 Re8 24. Qd2 Nh5 25. Re1 Rxe1+ 26. Qxe1 Kf8 27. Qa5 Nf4 28. Qxb6 axb6 29. Nc1 Ke7 30. h4 Ne6 31. g3 Nd4 32. Kf1 c5 33. Ne2 Nc6 34. Nc3 Ne5 35. Ke2 Ke6 36. Nd5 Nd7 37. f4 Kf5 38. Kf3 h5 39. a3 f6 40. b4 cxb4 41. axb4 Ke6 42. g4 hxg4+ 43. Kxg4 b5 44. Nc7+ Ke7 45. Nxb5 Nb6 46. Nc3 Ke6 47. Kf3 f5 48. Ne2 g6 49. Ke3 d5 50. Nd4+ Kd6 51. c5+ Kc7 52. cxb6+ Kxb6 53. Ne6 Kb5 54. Nf8 Kxb4 55. Nxg6 Kc5 56. h5 d4+ 57. Kd2 Kd5 58. h6 Ke6 59. h7 Kf6 60. h8Q+ Kxg6 61. Qxd4 Kh5 62. Qg7 Kh4 63. Ke3 Kh3 64. Kf3 Kh4 65. Qh6# 1-0

[Event "GER-ch U10"]
[Site "Willingen"]
[Date "2007.06.01"]
[Round "10"]
[White "Wagner, Robert"]
[Black "Scheel, Henrik"]
[Result "1/2-1/2"]
[WhiteElo "1284"]
[BlackElo "1478"]
[PlyCount "96"]
[EventDate "2007.05.26"]
[EventType "swiss"]
[EventRounds "11"]
[EventCountry "GER"]
[SourceTitle "CBM 118 Extra"]
[Source "ChessBase"]
[SourceDate "2007.07.04"]
[SourceVersion "1"]
[SourceVersionDate "2007.07.04"]
[SourceQuality "1"]

1. e4 e5 2. Nf3 Nc6 3. Bc4 Bc5 4. c3 Nf6 5. d4 exd4 6. cxd4 Bb4+ 7. Nc3 d6 8. 0-0 h6 9. a3 Ba5 10. Re1 0-0 11. b4 Bb6 12. h3 Bd7 13. Bf4 Re8 14. Qd3 Ne7 15. a4 a5 16. b5 Be6 17. Rad1 Bxc4 18. Qxc4 d5 19. exd5 Nfxd5 20. Nxd5 Qxd5 21. Ne5 Qxc4 22. Nxc4 Nd5 23. Nxb6 cxb6 24. Bg3 Nc3 25. Ra1 Ne2+ 26. Kh2 Nxd4 27. Bc7 Rec8 28. Re7 Nc2 29. Rc1 Nb4 30. Rd1 Re8 31. Rxe8+ Rxe8 32. Bxb6 Na2 33. Rd8 Rxd8 34. Bxd8 Nc3 35. Bxa5 Nxa4 36. Kg3 Nb2 37. Bc7 f6 38. h4 Kf7 39. Kf4 Nd3+ 40. Ke3 Nc5 41. b6 Ke6 42. Kd4 Na6 43. h5 Nb4 44. g4 Kd7 45. f4 Na6 46. Ke4 Ke6 47. f5+ Kd7 48. Kd5 Nb4+ 1/2-1/2

[Event "GER-ch U10"]
[Site "Willingen"]
[Date "2007.05.28"]
[Round "4"]
[White "Wolff, Christopher"]
[Black "Scheel, Henrik"]
[Result "1/2-1/2"]
[WhiteElo "1238"]
[BlackElo "1478"]
[PlyCount "154"]
[EventDate "2007.05.26"]
[EventType "swiss"]
[EventRounds "11"]
[EventCountry "GER"]
[SourceTitle "CBM 118 Extra"]
[Source "ChessBase"]
[SourceDate "2007.07.04"]
[SourceVersion "1"]
[SourceVersionDate "2007.07.04"]
[SourceQuality "1"]

1. e4 e5 2. d4 exd4 3. Qxd4 Nc6 4. Qe3 d6 5. Bd2 Be7 6. Nc3 Nf6 7. Bd3 Be6 8. f3 Qd7 9. Nge2 h6 10. h4 0-0-0 11. 0-0-0 d5 12. exd5 Nxd5 13. Qf2 Kb8 14. a3 Qe8 15. g4 f6 16. h5 Nxc3 17. Nxc3 Bf7 18. Rde1 Qf8 19. Bf4 Bd6 20. Qg3 Bxf4+ 21. Qxf4 Ne5 22. Be4 Qd6 23. Qh2 c6 24. Rd1 Qc7 25. Qf2 Rxd1+ 26. Rxd1 Rd8 27. Rxd8+ Qxd8 28. Qd2 Qxd2+ 29. Kxd2 Nc4+ 30. Kc1 Kc7 31. a4 Nd6 32. Bd3 b6 33. b3 a5 34. Kd2 Ne8 35. Ne4 Nd6 36. Ng3 b5 37. Kc3 Kb6 38. Nf5 Nxf5 39. Bxf5 bxa4 40. bxa4 Kc5 41. Be4 Bd5 42. Kd3 Kb4 43. Bxd5 cxd5 44. Kd4 Kxa4 45. Kxd5 Kb4 46. c4 a4 47. c5 a3 48. c6 a2 49. c7 a1Q 50. c8Q Qe5+ 51. Kc6 Qc3+ 52. Kd7 Qxf3 53. Qb8+ Kc4 54. Qc7+ Kd4 55. Qb6+ Ke4 56. Qb4+ Ke3 57. Qc5+ Kf4 58. Qc4+ Kg3 59. Kd8 Qxg4 60. Qc3+ Kh4 61. Qe1+ Kxh5 62. Qh1+ Kg6 63. Qb1+ Qf5 64. Qg1+ Kh7 65. Qh2 Qd5+ 66. Kc8 Qe5 67. Qc2+ f5 68. Kd8 Qd6+ 69. Kc8 Qe6+ 70. Kc7 Qe4 71. Qd1 f4 72. Kb8 f3 73. Ka7 f2 74. Qf1 Qd4+ 75. Kb8 Qb4+ 76. Ka7 h5 77. Qxf2 Qa5+ 1/2-1/2